Who moved my cheese? : (Record no. 827)

MARC details
000 -LEADER
fixed length control field 01590nam a22002057a 4500
005 - DATE AND TIME OF LATEST TRANSACTION
control field 20250420134825.0
008 - FIXED-LENGTH DATA ELEMENTS--GENERAL INFORMATION
fixed length control field 230410b ||||| |||| 00| 0 eng d
020 ## - INTERNATIONAL STANDARD BOOK NUMBER
International Standard Book Number 9780091816971
040 ## - CATALOGING SOURCE
Transcribing agency KCST
082 ## - DEWEY DECIMAL CLASSIFICATION NUMBER
Classification number 155.24
Item number Jo Wh
100 ## - MAIN ENTRY--PERSONAL NAME
Personal name Johnson, Spencer
9 (RLIN) 5727
245 ## - TITLE STATEMENT
Title Who moved my cheese? :
Remainder of title an amazing way to deal with change in your work and in your life /
Statement of responsibility, etc. Spencer Johnson
260 ## - PUBLICATION, DISTRIBUTION, ETC.
Place of publication, distribution, etc. London:
Name of publisher, distributor, etc. Vermilion;
Date of publication, distribution, etc. 1999.
300 ## - PHYSICAL DESCRIPTION
Extent 94 p.
Other physical details ill.
Dimensions 20 c.m.
520 ## - SUMMARY, ETC.
Summary, etc. Who Moved My Cheese? An Amazing Way to Deal with Change in Your Work and in Your Life. Who Moved My Cheese? is an amusing and enlightening story of four characters who live in a maze and look for cheese to nourish them and make them happy. Cheese is a metaphor for what you want to have in life – whether it is a good job, a loving relationship, money or a possession, health or spiritual peace of mind. And the maze is where you look for what you want - the organisation you work in, or the family or community you live in. This profound book from bestselling author, Spencer Johnson, will show you how to anticipate change, adapt to change quickly, enjoy change and be ready to change quickly again and again. Discover the secret for yourself and learn how to deal with change, so that you suffer from less stress and enjoy more success in your work and in life. Written for all ages, this story takes less than an hour to read, but its unique insights can last for a lifetime.
650 ## - SUBJECT ADDED ENTRY--TOPICAL TERM
Topical term or geographic name entry element Change (Psychology)
9 (RLIN) 5728
650 ## - SUBJECT ADDED ENTRY--TOPICAL TERM
Topical term or geographic name entry element Self-actualization (Psychology)
9 (RLIN) 950
942 ## - ADDED ENTRY ELEMENTS (KOHA)
Koha item type Book
942 ## - ADDED ENTRY ELEMENTS (KOHA)
Source of classification or shelving scheme Dewey Decimal Classification
Holdings
Withdrawn status Lost status Source of classification or shelving scheme Damaged status Not for loan Home library Current library Date acquired Source of acquisition Cost, normal purchase price Total checkouts Full call number Barcode Date last seen Price effective from Koha item type
    Dewey Decimal Classification     KCST Library KCST Library 10/04/2023 Donated by Dr. Lubna 1-5-2023 0.00   155.24 Jo Wh 1000001158 10/04/2023 10/04/2023 Book
    Dewey Decimal Classification     KCST Library KCST Library 10/04/2023 Donated by Dr. Lubna 1-5-2023 0.00   155.24 Jo Wh 1000001159 10/04/2023 10/04/2023 Book
© 2025 KCST. All rights reserved